[Event "Nakhchivan Premium 2021"]
[Site "Nakhchivan"]
[Date "2021.03.27"]
[Round "6.5"]
[White "Ahmadova, Yegana"]
[Black "Hasanzade, Toghrul"]
[Result "0-1"]
[WhiteElo "1421"]
[BlackElo "2322"]
[Annotator "TA"]
[PlyCount "110"]
[EventDate "2021.03.14"]
[EventType "tourn"]
[EventCountry "AZE"]
[SourceTitle "playchess.com"]
[Source "ChessBase"]
[SourceQuality "1"]

{[%evp 25,110,-32,0,0,61,53,74,63,157,-1,49,8,15,0,17,0,42,-10,-9,-45,-41,-113,-79,-147,-159,-165,-169,-239,-239,-243,-239,-243,-143,-141,-66,-106,-84,-157,-164,-168,-180,-179,-166,-126,-73,-163,-153,-165,-160,-364,-347,-353,-357,-370,-358,-386,-204,-853,-853,-816,-445,-1582,-1327,-1527,-1512,-1417,-1400,-1900,-1668,-950,-1436,-29979,-29980,-29982,-29983,-29982,-29983,-29983,-29984,-29984,-29985,-29985,-29986,-29986,-29987,-29987,-302]} 1. e4 c5 2. Nf3 d6 3. d4 cxd4 4. Nxd4 Nf6 5. Nc3 a6 6. Be3 e5 7. Nb3 Be6 8. f3 Be7 9. Qd2 Nbd7 10. O-O-O b5 11. g4 O-O 12. Kb1 Nb6 13. h4 Nc4 (13... b4 $5 {[%cal Rb4c3]} 14. Bxb6 Qxb6 $11) 14. Bxc4 {B90: Sicilian Najdorf: Unusual White 6th moves, 6 Be3 Ng4 and 6 Be3 e5.} Bxc4 (14... bxc4 $11 15. Nc1 Qc7) 15. h5 Nd7 16. g5 {[#] White is better.} f5 $146 (16... a5 $14) ({Predecessor:} 16... Nb6 17. g6 b4 18. h6 fxg6 19. hxg7 Rxf3 20. Bxb6 Qxb6 21. Nd5 Qa7 22. Qh2 h5 {½-½ (37) Arenas Vanegas,D (1936)-Perez,C Cuenca 2006}) 17. gxf6 $2 (17. exf5 $16 {Threatens to win with f6!} Rxf5 {[%mdl 64] Double Attack} 18. f4) 17... Nxf6 $11 18. Rdg1 (18. h6 $5 {[%cal Rh6g7]}) 18... Kh8 19. Qg2 {[%csl Gg1][%cal Rg2g7]} (19. f4 {with more complications.} Rf7 20. Qh2 h6 21. Nd2 Qc7 22. a3) 19... Rf7 20. f4 b4 {[#]} 21. Nd1 (21. Nd2 $1 $14 Qc7 22. fxe5 (22. Nxc4 Qxc4 23. fxe5 dxe5 $11) 22... dxe5 23. Nxc4 Qxc4 24. Nd5 Nxd5 25. exd5) 21... Rc8 22. f5 h6 23. Rh2 ({White should play} 23. Nd2 $15) 23... d5 24. exd5 (24. Nd2 $142) 24... Bxd5 $17 25. Qg6 Ne4 26. Nf2 (26. Qxa6 $142 Rf6 27. Qf1) 26... Ng5 $19 27. Bxg5 Bxg5 28. Ne4 {[%cal Re4g5]} Bf4 ({Black should try} 28... Be3 $1 $19 {[%cal Re3g1]} 29. Rf1 Qc7) 29. Re2 {Threatening Nd6!} Qf8 ({Better is} 29... Rc6 $1 $17 {[%cal Rc6g6]} 30. Qg4 Qc8) 30. f6 Bxe4 31. fxg7+ (31. Rxe4 $142 Rxf6 32. Qg4) 31... Rxg7 $17 32. Qxg7+ Qxg7 33. Rxg7 Kxg7 34. Rxe4 {[%mdl 4096] Endgame KRB-KRN} Rd8 (34... Kf6 $142 $1 35. Rxb4 Kg5) 35. a4 (35. Re1 $17) 35... bxa3 $1 $19 36. bxa3 Kf6 $1 37. Ra4 $2 (37. Nc5 $17 {was necessary.}) 37... Kg5 $1 38. Rxa6 Kxh5 39. a4 Kg4 40. a5 e4 (40... h5 $142 41. Rg6+ Kf3) 41. Nc5 $2 (41. Rg6+ Bg5 42. a6) 41... e3 42. Re6 Kf3 43. a6 (43. Nd3 $142 e2 44. Nxf4 Rd1+ 45. Kb2) 43... e2 44. a7 Be3 45. Nd3 Bxa7 46. Rf6+ Kg4 {( -> ...Rxd3!)} 47. Re6 {[#]} Rxd3 $1 {[%mdl 576] Promotion} 48. cxd3 {[#] KR-KB} (48. Rxe2 Re3) 48... Kf3 $1 {Black mates.} 49. Kc2 Be3 50. Rf6+ Kg4 51. Rg6+ Kf5 52. Rg1 Bxg1 53. Kd2 Kf4 54. Kxe2 Bd4 55. Kf1 Kf3 {Weighted Error Value: White=0.85/Black=0.27} 0-1

[Event "Nakhchivan Premium 2021"]
[Site "Nakhchivan"]
[Date "2021.03.27"]
[Round "6.6"]
[White "Baghirov, Orkhan"]
[Black "Babayev, Talib"]
[Result "0-1"]
[WhiteElo "1473"]
[BlackElo "2282"]
[Annotator "TA"]
[PlyCount "124"]
[EventDate "2021.03.14"]
[EventType "tourn"]
[EventCountry "AZE"]
[SourceTitle "playchess.com"]
[Source "ChessBase"]
[SourceQuality "1"]

{[%evp 11,124,24,83,43,59,6,46,31,31,34,48,40,37,-14,-10,-23,-15,-25,76,-10,-9,0,26,-8,0,-45,-50,-70,-67,-76,-74,-104,-66,-65,-59,-92,-83,-108,-116,-109,-78,-101,0,-112,-29,-63,-51,-108,-92,-87,-86,-87,-92,-154,-165,-164,-157,-152,-139,-162,-121,-168,-126,-170,-100,-107,-106,-162,-145,-140,-118,-137,-116,-154,-161,-158,-82,-264,-185,-576,-557,-542,-542,-638,-620,-628,-636,-638,-631,-635,-614,-633,-631,-627,-582,-592,-527,-543,-533,-533,-458,-1014,-939,-29980,-29981,-29974,-1044,-29991,-29992,-29992,-914,-29983,-29984,-29992,-29993]} 1. d4 Nc6 2. Nf3 d6 3. c4 Bg4 4. e3 e5 5. Be2 g6 6. Nc3 Bg7 (6... exd4 $11 7. exd4 (7. Nxd4 Bxe2 8. Ndxe2 Nf6 $11) 7... Bg7) 7. dxe5 {A41: 1 d4 d6: Tartakower System and Modern Defence.} dxe5 8. O-O {[#]} (8. Qb3 $14) 8... Nge7 $146 ({Predecessor:} 8... Nf6 9. b3 e4 10. Nd4 Bxe2 11. Ncxe2 Ne5 12. Ba3 b6 13. Qc2 c5 14. Nb5 O-O {½-½ (41) Zpevakova,J (2016)-Kuzmin,G (2309) Pardubice 2014}) 9. h3 {White is slightly better.} Qxd1 10. Rxd1 Bd7 11. Rb1 O-O-O 12. Bd2 (12. b4 $14) 12... h6 13. Be1 f5 14. b4 {Threatening b5.} b6 (14... e4 $11 {keeps the balance.} 15. Nd4 Nxd4 16. exd4 g5) 15. c5 (15. b5 $16) 15... Be6 16. Rdc1 e4 17. Nh2 Kb8 18. a4 Ne5 $1 19. a5 Nd3 20. Bxd3 Rxd3 21. b5 Nd5 22. Ne2 Rd8 23. cxb6 cxb6 24. axb6 axb6 25. Nf1 Bf7 26. Rc2 g5 (26... Kb7 $17 27. Rbc1 Be8) 27. Bd2 (27. Nfg3 $11) 27... Ne7 (27... Kb7 $17 28. Rbc1 Be8) 28. Nc1 R3d7 29. Nb3 ({Better is} 29. Ne2 $15) 29... Rd5 30. Bb4 Nc8 31. Nbd2 Rxb5 32. f3 ({White should try} 32. g4) 32... exf3 $17 33. gxf3 Kb7 34. Rbc1 Be5 ({Don't take} 34... Rxb4 35. Rc7+ Kb8 36. Rxf7 $15) 35. Bc3 Bd6 36. Bg7 Bc5 37. Kg2 Rg8 (37... Ne7 $19 38. Bxh6 Rg8) 38. Bd4 {[%cal Rd4c5]} Bd6 39. e4 (39. Nc4 $17) 39... Ne7 $19 40. Ne3 Be6 41. Ndc4 Bf4 42. Ra1 fxe4 43. fxe4 Nc6 (43... Rc8 $142 {Strongly threatening ...Bxc4.} 44. Nxb6 Nc6) 44. Bf6 $2 {[#] Loses the game.} (44. Bxb6 $17 Bxc4 45. Nxc4) 44... Rb3 45. Rb2 $2 (45. Rc3 Rxc3 46. Bxc3) 45... Rxb2+ 46. Bxb2 b5 47. Na5+ Nxa5 48. Rxa5 Bxe3 49. Rxb5+ Kc6 50. Re5 Kd7 51. Rb5 Rf8 52. Bg7 Rf2+ 53. Kg3 Rc2 {White must now prevent ...Bf2+.} 54. Bxh6 Bf4+ 55. Kf3 Bc4 {[#] ( -> ...Be2+)} 56. Rb7+ (56. Rxg5 $142 Bxg5 57. Bxg5) 56... Kc6 57. Rg7 Be2+ 58. Kf2 Bg4+ (58... Bh5+ $142 59. Kf1 Be2+ 60. Kg2 Bg4+ 61. Kf1 Bxh3+ 62. Kg1 Be3+ 63. Kh1 Bg2+ 64. Kh2 Bf4+ 65. Kg1 Bxe4 66. Bxg5 Rg2+ {[%mdl 64] Double Attack} 67. Kf1 Bxg5 68. Rg8 Kd5 69. Rg6 Kd4 70. Rb6 Ra2 71. Rb4+ Ke3 72. Rb3+ Kf4 73. Kg1 Bf3 74. Ra3 Rxa3 75. Kf2 Bh4+ 76. Kg1 Bg3 77. Kf1 Ra1#) 59. Kg1 Be3+ 60. Kf1 Bxh3+ 61. Ke1 Bg4 {[%cal Rc2c1]} 62. Kf1 Bf3 {[%cal Rc2c1] Weighted Error Value: White=0.44/Black=0.22} 0-1

[Event "Nakhchivan Premium 2021"]
[Site "Nakhchivan"]
[Date "2021.03.28"]
[Round "7.2"]
[White "Hasanzade, Toghrul"]
[Black "Baghirov, Orkhan"]
[Result "1-0"]
[WhiteElo "2322"]
[BlackElo "1473"]
[Annotator "ChessBase"]
[PlyCount "105"]
[EventDate "2021.03.14"]
[EventType "tourn"]
[EventCountry "AZE"]
[SourceTitle "playchess.com"]
[Source "ChessBase"]
[SourceQuality "1"]
[TimeControl "5400+30"]

1. e4 {[%emt 0:00:00]} e6 {[%emt 0:00:00]} 2. d4 {[%emt 0:00:00]} d5 {[%emt 0:00:00]} 3. Nd2 {[%emt 0:00:00]} dxe4 {[%emt 0:00:58]} 4. Nxe4 {[%emt 0:00:00]} Nd7 {[%emt 0:00:08]} 5. Nf3 {[%emt 0:00:12]} Ngf6 {[%emt 0:00:37]} 6. Nxf6+ {[%emt 0:00:05]} Nxf6 {[%emt 0:00:05]} 7. g3 {[%emt 0:00:09]} b6 {[%emt 0:02:54]} 8. Bg2 {[%emt 0:00:13]} Bb7 {[%emt 0:00:32]} 9. O-O {[%emt 0:00:08]} Bd6 {[%emt 0:01:38]} 10. c4 {[%emt 0:00:32]} O-O {[%emt 0:01:24]} 11. b3 {[%emt 0:00:23]} Qe7 {[%emt 0:02:18]} 12. Qe2 {[%emt 0:02:33]} Rfe8 13. Bb2 {[%emt 0:01:05]} Ba3 {[%emt 0:10:08]} 14. Ne5 {[%emt 0:03:30]} Bxg2 {[%emt 0:03:03]} 15. Kxg2 {[%emt 0:00:04]} Bxb2 {[%emt 0:00:15]} 16. Qxb2 {[%emt 0:00:04]} Nd7 {[%emt 0:01:51]} 17. Nf3 {[%emt 0:00:17]} Rad8 {[%emt 0:07:00]} 18. Rad1 {[%emt 0:01:05]} c5 {[%emt 0:04:59]} 19. Qa3 {[%emt 0:02:08]} a5 {[%emt 0:06:09]} 20. Rfe1 {[%emt 0:04:45]} Kf8 {[%emt 0:05:28]} 21. d5 {[%emt 0:02:42]} Qf6 {[%emt 0:02:09]} 22. dxe6 {[%emt 0:02:45]} Rxe6 {[%emt 0:00:22]} 23. Rxe6 {[%emt 0:00:38]} Qxe6 {[%emt 0:00:07]} 24. Qc1 {[%emt 0:04:55]} Re8 {[%emt 0:09:47]} 25. Qf4 {[%emt 0:01:07]} Ne5 {[%emt 0:03:46]} 26. Nxe5 {[%emt 0:01:56]} Qxe5 {[%emt 0:00:10]} 27. Qxe5 {[%emt 0:00:05]} Rxe5 {[%emt 0:00:01]} 28. Rd6 {[%emt 0:00:08]} Re6 {[%emt 0:00:16]} 29. Rxe6 {[%emt 0:00:06]} fxe6 {[%emt 0:00:01]} 30. Kf3 {[%emt 0:00:11]} Ke7 {[%emt 0:10:19]} 31. Ke4 {[%emt 0:00:05]} Kf6 {[%emt 0:12:36]} 32. f4 {[%emt 0:00:34]} h6 {[%emt 0:10:12]} 33. h3 {[%emt 0:00:34]} Kf7 {[%emt 0:05:20]} 34. Ke5 {[%emt 0:00:10]} Ke7 {[%emt 0:00:00]} 35. g4 {[%emt 0:00:26]} g5 {[%emt 0:01:41]} 36. f5 {[%emt 0:01:00]} exf5 {[%emt 0:00:34]} 37. Kxf5 {[%emt 0:00:08]} Kf7 {[%emt 0:00:13]} 38. a4 {[%emt 0:04:05]} Kg7 {[%emt 0:00:08]} 39. Ke6 {[%emt 0:00:04]} Kg6 {[%emt 0:00:33]} 40. Ke7 {[%emt 0:00:00]} h5 {[%emt 0:00:00]} 41. Ke6 {[%emt 0:00:00]} hxg4 {[%emt 0:00:00]} 42. hxg4 {[%emt 0:00:00]} Kg7 {[%emt 0:00:00]} 43. Kf5 {[%emt 0:00:00]} Kh6 {[%emt 0:00:00]} 44. Kf6 {[%emt 0:00:00]} Kh7 {[%emt 0:00:00]} 45. Kxg5 {[%emt 0:00:00]} Kg7 {[%emt 0:00:00]} 46. Kf5 {[%emt 0:00:00]} Kf7 {[%emt 0:00:00]} 47. g5 {[%emt 0:00:00]} Kg7 {[%emt 0:00:00]} 48. g6 {[%emt 0:00:00]} Kg8 {[%emt 0:00:00]} 49. Kf6 {[%emt 0:00:00]} Kf8 {[%emt 0:00:00]} 50. g7+ {[%emt 0:00:00]} Kg8 {[%emt 0:00:00]} 51. Kg6 {[%emt 0:00:00]} b5 {[%emt 0:00:00]} 52. cxb5 c4 53. b6 1-0

[Event "Nakhchivan Premium 2021"]
[Site "Nakhchivan"]
[Date "2021.03.28"]
[Round "7.3"]
[White "Mammadov, Sadig"]
[Black "Ahmadova, Yegana"]
[Result "1-0"]
[WhiteElo "2237"]
[BlackElo "1421"]
[Annotator "ChessBase"]
[PlyCount "151"]
[EventDate "2021.03.14"]
[EventType "tourn"]
[EventCountry "AZE"]
[SourceTitle "playchess.com"]
[Source "ChessBase"]
[SourceQuality "1"]
[TimeControl "5400+30"]

1. d4 {[%emt 0:00:00]} Nf6 {[%emt 0:00:00]} 2. Nf3 {[%emt 0:00:00]} g6 {[%emt 0:00:00]} 3. g3 {[%emt 0:00:00]} Bg7 {[%emt 0:00:00]} 4. Bg2 {[%emt 0:00:00]} O-O {[%emt 0:00:06]} 5. O-O {[%emt 0:00:04]} d6 {[%emt 0:00:45]} 6. c4 {[%emt 0:00:07]} c5 {[%emt 0:00:36]} 7. Nc3 {[%emt 0:01:27]} a6 {[%emt 0:01:34]} 8. a4 {[%emt 0:02:55]} Nc6 {[%emt 0:01:35]} 9. d5 {[%emt 0:03:29]} Nb4 {[%emt 0:00:40]} 10. e4 {[%emt 0:00:48]} Bg4 {[%emt 0:01:07]} 11. h3 {[%emt 0:01:07]} Bxf3 {[%emt 0:00:10]} 12. Bxf3 {[%emt 0:00:09]} Nd7 {[%emt 0:00:49]} 13. Bg2 {[%emt 0:00:56]} Qc7 {[%emt 0:15:31]} 14. Qe2 {[%emt 0:05:09]} e5 {[%emt 0:08:42]} 15. g4 {[%emt 0:06:00]} Qd8 {[%emt 0:07:14]} 16. Be3 {[%emt 0:01:29]} g5 {[%emt 0:04:30]} 17. Qd1 {[%emt 0:06:20]} Nb6 {[%emt 0:07:08]} 18. Qe2 {[%emt 0:02:38]} a5 {[%emt 0:02:57]} 19. Ra3 {[%emt 0:01:49]} Nc8 {[%emt 0:01:31]} 20. Bc1 {[%emt 0:03:13]} h6 {[%emt 0:02:27]} 21. h4 {[%emt 0:05:23]} f6 {[%emt 0:01:24]} 22. Nd1 {[%emt 0:02:47]} Ne7 {[%emt 0:03:20]} 23. Ne3 {[%emt 0:01:09]} Kf7 {[%emt 0:04:32]} 24. Bd2 {[%emt 0:04:35]} b6 {[%emt 0:01:58]} 25. Rc1 {[%emt 0:02:58]} Ke8 {[%emt 0:02:01]} 26. Qf3 {[%emt 0:10:05]} Kd7 {[%emt 0:02:41]} 27. Bf1 {[%emt 0:11:46]} Kc7 {[%emt 0:01:47]} 28. Bxb4 {[%emt 0:02:27]} axb4 {[%emt 0:01:26]} 29. Ra2 {[%emt 0:00:26]} Ra5 {[%emt 0:01:00]} 30. h5 {[%emt 0:04:04]} Qd7 {[%emt 0:01:21]} 31. Qd1 {[%emt 0:00:13]} Rfa8 {[%emt 0:00:42]} 32. Rca1 {[%emt 0:00:17]} Kd8 {[%emt 0:01:04]} 33. Be2 {[%emt 0:00:39]} Qe8 {[%emt 0:05:17]} 34. Qb3 {[%emt 0:00:32]} Qd7 {[%emt 0:01:03]} 35. Bd1 {[%emt 0:00:23]} Qc7 {[%emt 0:03:30]} 36. Nf1 {[%emt 0:01:50]} Qd7 {[%emt 0:00:42]} 37. Qd3 {[%emt 0:00:18]} Qc7 {[%emt 0:06:25]} 38. Nd2 {[%emt 0:00:12]} Kd7 {[%emt 0:02:01]} 39. Kg2 {[%emt 0:04:00]} Rf8 {[%emt 0:00:19]} 40. Nb3 {[%emt 0:00:00]} Qd8 {[%emt 0:00:00]} 41. Nd2 {[%emt 0:00:00]} Qc7 {[%emt 0:00:00]} 42. Nf1 {[%emt 0:00:00]} Kd8 {[%emt 0:00:00]} 43. Ne3 {[%emt 0:00:00]} Qd7 {[%emt 0:00:00]} 44. Nc2 {[%emt 0:00:00]} Qc7 {[%emt 0:00:00]} 45. Qb3 {[%emt 0:00:00]} Kd7 {[%emt 0:00:00]} 46. Be2 {[%emt 0:00:00]} Rfa8 {[%emt 0:00:00]} 47. Bd3 {[%emt 0:00:00]} Bf8 {[%emt 0:00:00]} 48. Kg3 {[%emt 0:00:00]} Bg7 {[%emt 0:00:00]} 49. Nxb4 {[%emt 0:00:00]} cxb4 {[%emt 0:00:00]} 50. Qxb4 {[%emt 0:00:00]} Qc5 {[%emt 0:00:00]} 51. Qd2 {[%emt 0:00:00]} Qd4 {[%emt 0:00:00]} 52. b4 {[%emt 0:00:00]} R5a7 {[%emt 0:00:00]} 53. Qc2 {[%emt 0:00:00]} b5 {[%emt 0:00:00]} 54. c5 {[%emt 0:00:00]} Qxb4 {[%emt 0:00:00]} 55. c6+ {[%emt 0:00:00]} Kc7 {[%emt 0:00:00]} 56. Rb2 {[%emt 0:00:00]} Qc5 {[%emt 0:00:00]} 57. Qxc5 {[%emt 0:08:59]} dxc5 {[%emt 0:00:00]} 58. Rxb5 {[%emt 0:00:08]} Nxc6 {[%emt 0:01:28]} 59. dxc6 {[%emt 0:00:34]} Rxa4 {[%emt 0:01:37]} 60. Rab1 {[%emt 0:05:57]} Kxc6 {[%emt 0:00:35]} 61. Rb6+ {[%emt 0:00:30]} Kc7 {[%emt 0:00:27]} 62. Rb7+ {[%emt 0:00:01]} Kc8 {[%emt 0:00:28]} 63. Rxg7 {[%emt 0:00:21]} Ra3 {[%emt 0:00:10]} 64. Rg8+ {[%emt 0:00:37]} Kc7 {[%emt 0:00:08]} 65. Rxa8 {[%emt 0:00:04]} Rxa8 {[%emt 0:00:04]} 66. Bc4 {[%emt 0:00:17]} Ra3+ {[%emt 0:02:07]} 67. Kg2 {[%emt 0:00:12]} Rc3 {[%emt 0:01:46]} 68. Bd5 {[%emt 0:00:06]} c4 {[%emt 0:00:28]} 69. Rb4 {[%emt 0:00:58]} Kd6 {[%emt 0:00:27]} 70. Rb6+ {[%emt 0:00:41]} Kc5 {[%emt 0:00:16]} 71. Rxf6 {[%emt 0:00:17]} Rc1 {[%emt 0:00:15]} 72. Rxh6 {[%emt 0:01:10]} c3 {[%emt 0:00:13]} 73. Rc6+ {[%emt 0:00:06]} Kd4 {[%emt 0:00:06]} 74. h6 {[%emt 0:00:07]} c2 {[%emt 0:01:11]} 75. Rxc2 {[%emt 0:01:32]} Rxc2 {[%emt 0:00:05]} 76. h7 {[%emt 0:00:02]} 1-0

[Event "Nakhchivan Premium 2021"]
[Site "Nakhchivan"]
[Date "2021.03.28"]
[Round "7.4"]
[White "Aliyev, Aykhan"]
[Black "Gasimov, Parviz"]
[Result "0-1"]
[WhiteElo "1683"]
[BlackElo "2337"]
[Annotator "NA"]
[PlyCount "100"]
[EventDate "2021.03.14"]
[EventType "tourn"]
[EventCountry "AZE"]
[SourceTitle "playchess.com"]
[Source "ChessBase"]
[SourceQuality "1"]
[TimeControl "5400+30"]

1. Nf3 {[%emt 0:00:30]} Nf6 {[%emt 0:00:07]} 2. c4 {[%emt 0:00:37]} b6 {[%emt 0:02:07]} 3. Nc3 {[%emt 0:02:35]} Bb7 {[%emt 0:00:05]} 4. d4 {[%emt 0:01:14]} e6 {[%emt 0:04:01]} 5. Bg5 {[%emt 0:02:16]} h6 {[%emt 0:01:48]} 6. Bxf6 {[%emt 0:01:49]} Qxf6 {[%emt 0:00:19]} 7. e4 {[%emt 0:00:13]} Bb4 {[%emt 0:01:50]} 8. Qd3 {[%emt 0:04:24]} Qf4 {[%emt 0:08:35]} 9. Nd2 {[%emt 0:02:28]} Nc6 {[%emt 0:05:00]} 10. a3 {[%emt 0:03:47]} Bxc3 {[%emt 0:02:41]} 11. bxc3 {[%emt 0:00:32]} e5 {[%emt 0:02:02]} 12. g3 {[%emt 0:05:44]} Qf6 {[%emt 0:00:39]} 13. Nb3 {[%emt 0:00:58]} a5 {[%emt 0:12:08]} 14. Rd1 {[%emt 0:02:02]} Qe7 {[%emt 0:08:35]} 15. Ra1 {[%emt 0:13:11]} (15. d5 $15 Nd8 16. a4) 15... exd4 {[%emt 0:03:48]} 16. Bg2 {[%emt 0:05:09]} dxc3 {[%emt 0:02:55]} 17. Qxc3 {[%emt 0:00:31]} Qe5 {[%emt 0:02:22]} 18. Rc1 {[%emt 0:01:36]} a4 {[%emt 0:02:35]} 19. Nd2 {[%emt 0:01:19]} Qxc3 $17 {[%emt 0:05:55]} 20. Rxc3 {[%emt 0:00:07]} Nd4 {[%emt 0:00:03]} 21. Rd3 {[%emt 0:03:39]} Ne6 {[%emt 0:00:34]} 22. O-O {[%emt 0:00:19]} Nc5 {[%emt 0:01:51]} 23. Re3 {[%emt 0:00:36]} O-O-O {[%emt 0:00:51]} 24. e5 {[%emt 0:02:42]} Bxg2 {[%emt 0:01:35]} 25. Kxg2 {[%emt 0:01:37]} Rhe8 {[%emt 0:02:06]} 26. f4 {[%emt 0:00:52]} d6 {[%emt 0:00:25]} 27. Nf3 {[%emt 0:03:15]} f6 {[%emt 0:01:22]} 28. Rfe1 {[%emt 0:02:18]} dxe5 {[%emt 0:01:16]} 29. fxe5 {[%emt 0:00:14]} fxe5 {[%emt 0:02:16]} 30. Nxe5 {[%emt 0:01:41]} Rxe5 {[%emt 0:00:26]} 31. Rxe5 {[%emt 0:00:28]} Nd3 {[%emt 0:00:05]} 32. Kh3 {[%emt 0:03:49]} Nxe1 {[%emt 0:05:48]} 33. Rxe1 {[%emt 0:00:07]} Rd3 {[%emt 0:00:09]} 34. c5 {[%emt 0:01:48]} bxc5 {[%emt 0:05:10]} 35. Kg4 {[%emt 0:00:44]} g6 {[%emt 0:01:29]} 36. Rc1 {[%emt 0:01:48]} Rxa3 {[%emt 0:01:12]} 37. Rxc5 {[%emt 0:00:10]} Rb3 {[%emt 0:00:09]} 38. Kf4 {[%emt 0:00:20]} Kb7 {[%emt 0:01:39]} 39. Ra5 {[%emt 0:00:25]} a3 {[%emt 0:00:29]} 40. Ke5 {[%emt 0:00:00]} Kb6 {[%emt 0:00:00]} 41. Ra8 {[%emt 0:00:00]} Rb5+ {[%emt 0:00:00]} 42. Kf6 {[%emt 0:00:00]} Ra5 {[%emt 0:00:00]} 43. Rb8+ {[%emt 0:00:00]} Kc5 {[%emt 0:00:00]} 44. Rb7 {[%emt 0:00:00]} a2 {[%emt 0:00:00]} 45. Rxc7+ {[%emt 0:00:00]} Kb4 {[%emt 0:00:00]} 46. Rc1 {[%emt 0:00:00]} a1=Q+ {[%emt 0:00:00]} 47. Rxa1 {[%emt 0:00:00]} Rxa1 {[%emt 0:00:00]} 48. Kxg6 {[%emt 0:00:00]} Ra6+ {[%emt 0:00:00]} 49. Kf5 {[%emt 0:00:00]} Kc5 {[%emt 0:00:00]} 50. g4 {[%emt 0:00:00]} Kd6 {[%emt 0:00:00]} 0-1

[Event "Nakhchivan Premium 2021"]
[Site "Nakhchivan"]
[Date "2021.03.28"]
[Round "7.5"]
[White "Garayev, Sadig"]
[Black "Seyid, Huseyn"]
[Result "1-0"]
[WhiteElo "1781"]
[BlackElo "1660"]
[Annotator "NA"]
[PlyCount "55"]
[EventDate "2021.03.14"]
[EventType "tourn"]
[EventCountry "AZE"]
[SourceTitle "playchess.com"]
[Source "ChessBase"]
[SourceQuality "1"]
[TimeControl "5400+30"]

1. e4 {[%emt 0:00:00]} c6 {[%emt 0:00:00]} 2. d4 {[%emt 0:00:08]} d5 {[%emt 0:00:00]} 3. e5 {[%emt 0:00:21]} c5 {[%emt 0:00:03]} 4. dxc5 {[%emt 0:01:19]} e6 {[%emt 0:00:49]} 5. Nf3 {[%emt 0:02:57]} Bxc5 {[%emt 0:01:08]} 6. Bd3 {[%emt 0:00:08]} Nc6 {[%emt 0:03:19]} 7. a3 {[%emt 0:02:45]} a5 {[%emt 0:10:32]} 8. O-O {[%emt 0:03:18]} Bd7 {[%emt 0:15:01]} 9. Qe2 {[%emt 0:06:21]} Nge7 {[%emt 0:03:35]} 10. h4 {[%emt 0:03:06]} h6 {[%emt 0:06:30]} 11. h5 {[%emt 0:02:33]} Qc7 {[%emt 0:03:16]} 12. Nc3 {[%emt 0:01:56]} Nd4 {[%emt 0:05:24]} 13. Nxd4 {[%emt 0:10:23]} Bxd4 {[%emt 0:00:01]} 14. Re1 {[%emt 0:04:18]} Ba7 {[%emt 0:25:06]} 15. Bd2 {[%emt 0:14:22]} g6 {[%emt 0:05:30]} 16. Nb5 {[%emt 0:12:05]} Bxb5 {[%emt 0:00:32]} 17. Bxb5+ {[%emt 0:00:01]} Nc6 {[%emt 0:00:49]} 18. c4 {[%emt 0:00:39]} dxc4 {[%emt 0:04:33]} 19. Rac1 {[%emt 0:01:33]} O-O-O {[%emt 0:04:10]} 20. Rxc4 {[%emt 0:02:49]} Qb6 {[%emt 0:01:54]} 21. Bxc6 {[%emt 0:00:39]} bxc6 {[%emt 0:00:58]} 22. Be3 {[%emt 0:00:18]} Qb7 {[%emt 0:01:39]} 23. Bxa7 {[%emt 0:00:40]} Qxa7 {[%emt 0:00:01]} 24. Rxc6+ {[%emt 0:00:24]} Kd7 {[%emt 0:00:35]} 25. Qf3 {[%emt 0:00:15]} Rh7 {[%emt 0:04:51]} 26. Rd1+ {[%emt 0:01:20]} Ke8 {[%emt 0:00:22]} 27. Rxd8+ {[%emt 0:00:06]} Kxd8 {[%emt 0:00:06]} 28. Qf6+ {[%emt 0:00:05]} 1-0

[Event "Nakhchivan Premium 2021"]
[Site "Nakhchivan"]
[Date "2021.03.28"]
[Round "7.6"]
[White "Babayeva, Nasrin"]
[Black "Ismayilov, Arturan"]
[Result "1-0"]
[WhiteElo "1564"]
[BlackElo "1663"]
[Annotator "NA"]
[PlyCount "103"]
[EventDate "2021.03.14"]
[EventType "tourn"]
[EventCountry "AZE"]
[SourceTitle "playchess.com"]
[Source "ChessBase"]
[SourceQuality "1"]
[TimeControl "5400+30"]

1. c4 {[%emt 0:00:00]} Nf6 {[%emt 0:00:00]} 2. g3 {[%emt 0:00:00]} c6 {[%emt 0:00:00]} 3. Bg2 {[%emt 0:00:00]} d5 {[%emt 0:00:00]} 4. Nf3 {[%emt 0:00:16]} g6 {[%emt 0:00:00]} 5. O-O {[%emt 0:00:45]} Bg7 {[%emt 0:00:03]} 6. d3 {[%emt 0:03:28]} O-O {[%emt 0:00:14]} 7. Bf4 {[%emt 0:03:26]} Nbd7 {[%emt 0:03:28]} 8. Qc1 {[%emt 0:04:01]} Re8 {[%emt 0:02:46]} 9. Bg5 {[%emt 0:08:15]} e5 {[%emt 0:13:15]} 10. cxd5 {[%emt 0:04:06]} cxd5 {[%emt 0:00:58]} 11. Nc3 {[%emt 0:02:11]} Qa5 {[%emt 0:03:39]} 12. Nd2 {[%emt 0:19:40]} h6 {[%emt 0:07:55]} 13. Nb3 {[%emt 0:00:20]} Qd8 {[%emt 0:00:38]} 14. Bxh6 {[%emt 0:00:15]} Nb6 {[%emt 0:01:25]} 15. Bxg7 {[%emt 0:05:55]} Kxg7 {[%emt 0:00:01]} 16. a4 {[%emt 0:03:47]} Be6 {[%emt 0:13:56]} 17. Nc5 {[%emt 0:04:02]} Rc8 {[%emt 0:03:11]} 18. Nxe6+ {[%emt 0:00:13]} Rxe6 {[%emt 0:04:33]} 19. Qg5 {[%emt 0:06:44]} d4 {[%emt 0:02:56]} 20. Nb5 {[%emt 0:11:34]} a6 {[%emt 0:06:30]} 21. Na3 {[%emt 0:00:37]} Nxa4 {[%emt 0:00:26]} 22. Bh3 {[%emt 0:00:36]} Qe7 {[%emt 0:02:58]} 23. Bxe6 {[%emt 0:00:31]} Qxe6 {[%emt 0:00:03]} 24. Nc4 {[%emt 0:07:42]} Rh8 {[%emt 0:03:41]} 25. f3 {[%emt 0:03:30]} b5 {[%emt 0:00:39]} 26. Qxe5 {[%emt 0:00:55]} Qd7 {[%emt 0:07:05]} 27. Qd6 {[%emt 0:04:01]} Re8 {[%emt 0:00:29]} 28. Qxd7 {[%emt 0:00:23]} Nxd7 {[%emt 0:00:01]} 29. Kf2 {[%emt 0:01:23]} Ndc5 {[%emt 0:00:01]} 30. b4 {[%emt 0:02:59]} Nd7 {[%emt 0:04:05]} 31. Nd2 {[%emt 0:01:33]} Ndb6 {[%emt 0:01:32]} 32. Nb3 {[%emt 0:00:21]} Rd8 {[%emt 0:00:26]} 33. Nc5 {[%emt 0:00:45]} Nxc5 {[%emt 0:01:34]} 34. bxc5 Na4 35. Rfc1 {[%emt 0:00:44]} Re8 {[%emt 0:00:39]} 36. Rc2 {[%emt 0:00:42]} a5 {[%emt 0:01:41]} 37. c6 {[%emt 0:00:37]} Rc8 {[%emt 0:00:31]} 38. e3 {[%emt 0:00:23]} Nc3 {[%emt 0:00:14]} 39. Rxa5 {[%emt 0:00:44]} b4 {[%emt 0:01:01]} 40. exd4 {[%emt 0:00:00]} Rxc6 {[%emt 0:00:00]} 41. Rc5 {[%emt 0:00:00]} Re6 {[%emt 0:00:00]} 42. R5xc3 {[%emt 0:00:00]} bxc3 {[%emt 0:00:00]} 43. Rxc3 {[%emt 0:00:00]} Kf6 {[%emt 0:00:00]} 44. d5 {[%emt 0:00:00]} Re8 {[%emt 0:00:00]} 45. d4 {[%emt 0:00:00]} Kf5 {[%emt 0:00:00]} 46. Rc5 {[%emt 0:00:00]} Rh8 {[%emt 0:00:00]} 47. h4 {[%emt 0:00:00]} Rd8 {[%emt 0:00:00]} 48. g4+ {[%emt 0:00:00]} Kf4 {[%emt 0:00:00]} 49. Rc6 {[%emt 0:00:00]} f5 {[%emt 0:00:00]} 50. Rxg6 {[%emt 0:00:00]} Ra8 {[%emt 0:00:00]} 51. Re6 {[%emt 0:00:00]} Ra3 {[%emt 0:00:00]} 52. gxf5 {[%emt 0:00:00]} 1-0